<?xml version="1.0" encoding="UTF-8"?>
<record
    xmlns:xsi="http://www.w3.org/2001/XMLSchema-instance"
    xsi:schemaLocation="http://www.loc.gov/MARC21/slim http://www.loc.gov/standards/marcxml/schema/MARC21slim.xsd"
    xmlns="http://www.loc.gov/MARC21/slim">

  <leader>01238cam a22002891ia4500</leader>
  <controlfield tag="003">SA-RiAUC</controlfield>
  <controlfield tag="005">20250421092200.0</controlfield>
  <controlfield tag="008">250201s1931    ua     g      000 0 ara c</controlfield>
  <datafield tag="040" ind1=" " ind2=" ">
    <subfield code="a">SD-OmOIU</subfield>
    <subfield code="b">ara</subfield>
    <subfield code="c">SA-RiAUC.</subfield>
    <subfield code="e">rda</subfield>
  </datafield>
  <datafield tag="082" ind1="0" ind2="4">
    <subfield code="a">227.3</subfield>
    <subfield code="q">SA-RiAUC</subfield>
  </datafield>
  <datafield tag="090" ind1=" " ind2=" ">
    <subfield code="a">&#x646; 227.3  </subfield>
    <subfield code="b">  &#x634; &#x648; &#x643;</subfield>
  </datafield>
  <datafield tag="100" ind1="1" ind2=" ">
    <subfield code="a">&#x627;&#x644;&#x634;&#x648;&#x643;&#x627;&#x646;&#x64A;&#x60C; &#x645;&#x62D;&#x645;&#x62F; &#x628;&#x646; &#x639;&#x644;&#x64A; &#x628;&#x646; &#x645;&#x62D;&#x645;&#x62F;&#x60C;</subfield>
    <subfield code="d">1173-1250 &#x647;&#x62C;&#x631;&#x64A;</subfield>
    <subfield code="e">&#x645;&#x624;&#x644;&#x641;.</subfield>
  </datafield>
  <datafield tag="245" ind1="1" ind2="0">
    <subfield code="a">&#x641;&#x62A;&#x62D; &#x627;&#x644;&#x642;&#x62F;&#x64A;&#x631; &#x627;&#x644;&#x62C;&#x627;&#x645;&#x639; &#x628;&#x64A;&#x646; &#x641;&#x646;&#x64A; &#x627;&#x644;&#x631;&#x648;&#x627;&#x64A;&#x629; &#x648;&#x627;&#x644;&#x62F;&#x631;&#x627;&#x64A;&#x629; &#x645;&#x646; &#x639;&#x644;&#x645; &#x627;&#x644;&#x62A;&#x641;&#x633;&#x64A;&#x631; /</subfield>
    <subfield code="c">&#x62A;&#x623;&#x644;&#x64A;&#x641; &#x645;&#x62D;&#x645;&#x62F; &#x628;&#x646; &#x639;&#x644;&#x64A; &#x627;&#x644;&#x634;&#x648;&#x643;&#x627;&#x646;&#x64A;.</subfield>
  </datafield>
  <datafield tag="250" ind1=" " ind2=" ">
    <subfield code="a">&#x627;&#x644;&#x637;&#x628;&#x639;&#x629; &#x627;&#x644;&#x623;&#x648;&#x644;&#x649;.</subfield>
  </datafield>
  <datafield tag="264" ind1=" " ind2="1">
    <subfield code="a">[&#x645;&#x643;&#x627;&#x646; &#x627;&#x644;&#x646;&#x634;&#x631; &#x63A;&#x64A;&#x631; &#x645;&#x62D;&#x62F;&#x62F;] :</subfield>
    <subfield code="b">[&#x627;&#x644;&#x646;&#x627;&#x634;&#x631; &#x63A;&#x64A;&#x631; &#x645;&#x62D;&#x62F;&#x62F;]&#x60C;</subfield>
    <subfield code="c">[1931]</subfield>
  </datafield>
  <datafield tag="264" ind1=" " ind2="3">
    <subfield code="a">&#x627;&#x644;&#x642;&#x627;&#x647;&#x631;&#x629; :</subfield>
    <subfield code="b">&#x645;&#x637;&#x628;&#x639;&#x629; &#x645;&#x635;&#x637;&#x641;&#x649; &#x627;&#x644;&#x628;&#x627;&#x628;&#x64A; &#x627;&#x644;&#x62D;&#x644;&#x628;&#x64A; &#x648;&#x623;&#x648;&#x644;&#x627;&#x62F;&#x647;</subfield>
  </datafield>
  <datafield tag="300" ind1=" " ind2=" ">
    <subfield code="a">5 &#x645;&#x62C;&#x644;&#x62F; &#x61B;</subfield>
    <subfield code="c">30 &#x633;&#x645;</subfield>
  </datafield>
  <datafield tag="300" ind1=" " ind2=" ">
    <subfield code="a">994 &#x635;&#x641;&#x62D;&#x629; &#x61B;</subfield>
    <subfield code="c">28 &#x633;&#x645;</subfield>
  </datafield>
  <datafield tag="336" ind1=" " ind2=" ">
    <subfield code="a">&#x646;&#x635;</subfield>
    <subfield code="b">txt</subfield>
    <subfield code="2">rdacontent</subfield>
    <subfield code="3">&#x643;&#x62A;&#x627;&#x628;</subfield>
  </datafield>
  <datafield tag="337" ind1=" " ind2=" ">
    <subfield code="a">&#x628;&#x62F;&#x648;&#x646; &#x648;&#x633;&#x64A;&#x637;</subfield>
    <subfield code="b">n</subfield>
    <subfield code="2">rdamedia</subfield>
  </datafield>
  <datafield tag="338" ind1=" " ind2=" ">
    <subfield code="a">&#x645;&#x62C;&#x644;&#x62F;</subfield>
    <subfield code="b">nc</subfield>
    <subfield code="2">rdacarrier</subfield>
  </datafield>
  <datafield tag="630" ind1="2" ind2="7">
    <subfield code="a">&#x627;&#x644;&#x642;&#x631;&#x622;&#x646;</subfield>
    <subfield code="x">&#x62A;&#x641;&#x633;&#x64A;&#x631;</subfield>
    <subfield code="x">&#x631;&#x648;&#x627;&#x64A;&#x629;</subfield>
    <subfield code="2">aucut</subfield>
  </datafield>
  <datafield tag="630" ind1="2" ind2="7">
    <subfield code="a">&#x627;&#x644;&#x642;&#x631;&#x622;&#x646;</subfield>
    <subfield code="x">&#x62A;&#x641;&#x633;&#x64A;&#x631;</subfield>
    <subfield code="x">&#x645;&#x646;&#x627;&#x647;&#x62C;</subfield>
    <subfield code="2">aucut</subfield>
  </datafield>
  <datafield tag="730" ind1="2" ind2="2">
    <subfield code="a">&#x627;&#x644;&#x642;&#x631;&#x622;&#x646;</subfield>
  </datafield>
  <datafield tag="942" ind1=" " ind2=" ">
    <subfield code="2">ddc</subfield>
    <subfield code="c">RARE BOOK</subfield>
    <subfield code="n">0</subfield>
  </datafield>
  <datafield tag="949" ind1=" " ind2=" ">
    <subfield code="a">SA-JeALM</subfield>
    <subfield code="d">250201</subfield>
    <subfield code="u">osman123</subfield>
    <subfield code="n">1</subfield>
  </datafield>
  <datafield tag="952" ind1=" " ind2=" ">
    <subfield code="0">0</subfield>
    <subfield code="1">0</subfield>
    <subfield code="2">ddc</subfield>
    <subfield code="3">&#x627;&#x644;&#x62C;&#x632;&#x621; &#x627;&#x644;&#x62E;&#x627;&#x645;&#x633;</subfield>
    <subfield code="4">0</subfield>
    <subfield code="7">0</subfield>
    <subfield code="a">WAHAB</subfield>
    <subfield code="b">WAHAB</subfield>
    <subfield code="d">2025-04-21</subfield>
    <subfield code="l">0</subfield>
    <subfield code="o">&#x646; 227.3  &#x634; &#x648; &#x643;</subfield>
    <subfield code="p">000012079</subfield>
    <subfield code="r">2025-04-21 09:23:08</subfield>
    <subfield code="w">2025-04-21</subfield>
    <subfield code="y">RARE BOOK</subfield>
  </datafield>
  <datafield tag="999" ind1=" " ind2=" ">
    <subfield code="c">7276</subfield>
    <subfield code="d">7276</subfield>
  </datafield>
</record>
